000 00632 a2200205 4500
001 61743
005 20260407155908.0
008 260407a1970 arg spa d
003 AR-UNSa-BCEJYS
040 _aAR-UNSa-BCEJYS
_bspa
_cAR-UNSa-BCEJYS
080 _a347.748
_xCheques. Cheques cruzados. Cámaras de compensación
245 1 0 _aEl nuevo régimen jurídico del cheque
_pDecreto - Ley 4776/63
250 _a4a. ed.
264 1 _aBuenos Aires :
_bVíctor P. de Zavalía
_c1970
300 _a251 p.
_c23 cm.
041 _aspa
942 _cBK
590 _aniveau_biblio:m niveau_hierar:0
100 1 _aFontanarrosa, Rodolfo O.
999 _c7395
_d7395